01937nam a22002777a 4500003000500000005001700005008004100022020001800063020001800081050002400099100001800123245021800141260005100359300004600410440003800456500060800494650006101102700001801163700001901181700002001200942001201220999001901232952013201251952013201383952014401515SISC20180503104059.0180503b xxu||||| |||| 00| 0 eng d a9788936462192 a9788936462994 aPL 992.2b.C65 2005 aChoi, Won Sik aWing, Love guest and mother, Chang, Jae-ssi, Maekwon = 날개/사랑손님과 어머니/장삼이사/마권 외 /c Choi Won Sik ... [et al.] aPaju, South Korea:bChangbi Publishers,c2005. a335 pages:bcolor illustrations; c22 cm. a20th century Korean novel vno. 9 aPublisher's Review: In the <20th Century Korean Novel> Volume 9, the most representative modernist, Choi Myung-ik, and major works by Kwang Sup, Hyun Kyung Jun and Yu Yehrim. It is said that Choi Myung-ik's "rainy road", which delicately depicts the conflicts of the characters who can not compromise with reality, and "wing", " Through the "Omari" of Hyun Kyung-Jun, who shows the vision of breakthrough through the bond of love and mother, "Anemone's Madam" and the rough seafarers, who achieved excellent aesthetic accomplishment with a unique viewpoint, You can look at various branches at a glance. 2Library of Congress Subject HeadingsaKorean short story aChoi, Won Sik aChoi, Myung-ik aHyun, Kyung Jun 2lcccBK c356397d356397 00102lcc40aLUXbLUXcIBd2018-05-03eLibrary FundkIBl0oPL 992.2 .C65 2005pIB0265r2018-05-03 00:00:00t1w2018-05-03yBK 00102lcc40aLUXbLUXcIBd2018-05-03eLibrary FundkIBl0oPL 992.2 .C65 2005pIB0266r2018-05-03 00:00:00t2w2018-05-03yBK 00102lcc40aLUXbLUXcIBd2018-05-03eLibrary FundkIBl1oPL 992.2 .C65 2005pIB0267r2024-04-29 00:00:00s2024-04-29t3w2018-05-03yBK